Te Boté REMIX - Nio García, Cásper Mágico, Darell, Ozuna, Bad Bunny... - Estadísticas

Estadísticas generales
  • Esta prueba ha sido intentada 63 veces
  • La puntuación promedio es 629 de 916
Estadísticas de respuestas
Letra % Correcto
D
100%
e
100%
E
100%
B
97%
boté
97%
mi
97%
97%
o
97%
T
97%
te
97%
Te
97%
vida
97%
y
97%
Y
97%
a
94%
De
94%
de
94%
94%
di
94%
l
94%
pa
94%
Pa
94%
que
94%
Que
94%
R
94%
94%
se
94%
Se
94%
Yo
94%
yo
94%
banda
90%
fue
90%
no
90%
No
90%
90%
si
90%
Si
90%
carajo
87%
la
87%
La
87%
lo
87%
Lo
87%
87%
me
87%
Me
87%
Pal
87%
pal
87%
solté
87%
un
87%
Baby
84%
baby
84%
ciclo
84%
reciclo
84%
ve
84%
el
81%
ti
81%
Así
77%
cómo
77%
Cómo
77%
como
77%
77%
77%
tu
77%
una
77%
usté
77%
ah
74%
Ahora
74%
ahora
74%
dura
74%
Pero
74%
sirve
74%
tus
74%
cansé
71%
en
71%
hacía
71%
muévete
71%
ni
71%
con
68%
más
68%
mentira
68%
su
68%
vez
68%
Ya
68%
ya
68%
aquella
65%
cuándo
65%
cuando
65%
hay
65%
recordar
65%
sólo
65%
solo
65%
cuerpo
61%
las
61%
Las
61%
los
61%
mami
61%
Mami
61%
mandé
61%
tira
61%
to
61%
noche
58%
pasado
58%
recordé
58%
tengo
58%
Todo
58%
todo
58%
al
55%
amo
55%
da
55%
ere
55%
nunca
55%
Paso
55%
pensándote
55%
pie
55%
por
55%
puedo
55%
amiga
52%
Arranca
52%
die
52%
expira
52%
final
52%
meto
52%
perreo
52%
quiero
52%
Quiero
52%
saqué
52%
sucio
52%
tiene
52%
bien
48%
Bien
48%
mal
48%
mil
48%
mucha
48%
necesita
48%
Placita
48%
pregunta
48%
puta
48%
seguir
48%
sin
48%
Sin
48%
vira
48%
yeh
48%
Bebé
45%
confié
45%
corazón
45%
creo
45%
Fuck
45%
gemido
45%
quiere
45%
repita
45%
saber
45%
vo
45%
beso
42%
cien
42%
clavé
42%
foto
42%
hijo
42%
nuestro
42%
tre
42%
vece
42%
ver
42%
carro
39%
chinga
39%
conmigo
39%
culo
39%
dónde
39%
eh
39%
ella
39%
mejor
39%
negar
39%
olvido
39%
paca
39%
pasé
39%
Phillie
39%
pienso
39%
rompiste
39%
siento
39%
sufrí
39%
texteé
39%
voy
39%
cabrón
35%
cualquiera
35%
entera
35%
está
35%
esta
35%
hacíamo
35%
nombre
35%
nuevo
35%
Odio
35%
oído
35%
ojo
35%
pasaré
35%
pide
35%
preguntando
35%
prende
35%
razón
35%
sentido
35%
superé
35%
veas
35%
ahorita
32%
Bugatti
32%
cariño
32%
corazone
32%
dice
32%
hicimo
32%
iba
32%
Ozu
32%
Ozuna
32%
para
32%
porque
32%
Prendo
32%
quedaste
32%
respira
32%
rompo
32%
sepultura
32%
uno
32%
va
32%
you
32%
calle
29%
Cierro
29%
cura
29%
deja
29%
Dio
29%
fondo
29%
hondo
29%
jura
29%
mucho
29%
pongo
29%
problema
29%
ready
29%
sobran
29%
son
29%
textea
29%
amore
26%
Contigo
26%
cree
26%
escondo
26%
gata
26%
gritaba
26%
hace
26%
herida
26%
juro
26%
respondo
26%
sufro
26%
tiempo
26%
bebo
23%
condón
23%
desde
23%
desea
23%
falsedad
23%
mandarte
23%
mientra
23%
quieres
23%
siempre
23%
tocar
23%
vuelva
23%
cama
19%
Dale
19%
día
19%
digo
19%
estré
19%
fallaste
19%
falta
19%
fuiste
19%
mentiras
19%
Miento
19%
mujer
19%
olvidar
19%
probé
19%
remix
19%
revé
19%
agarre
16%
amanecer
16%
Aprovecho
16%
aquí
16%
babys
16%
beber
16%
completar
16%
dos
16%
esa
16%
haga
16%
ir
16%
llames
16%
media
16%
obliga
16%
Pidiéndome
16%
piel
16%
quieran
16%
rozaba
16%
trago
16%
aunque
13%
botá
13%
cancha
13%
estás
13%
filas
13%
hoy
13%
puedes
13%
Rondón
13%
rumbear
13%
también
13%
verdá
13%
altura
10%
cancelé
10%
humillaste
10%
jugar
10%
mundo
10%
postea
10%
viniste
10%
viraste
10%
burlaste
6%
confianza
6%
enamoró
6%
explicaste
6%
película
6%
viste
6%
Viste
6%
duro
3%
express
3%
servicio
3%
wouh
3%
Lejos
0%
wuh
0%
No se encontraron pruebas coincidentes
Distribución de puntuación
Porcentaje de gente con cada puntuación
Porcentaje por número respondido
Historial de tus puntuaciones
No has intentado esta prueba.